| 000 | 00687nam a22002057a 4500 | ||
|---|---|---|---|
| 003 | OSt | ||
| 005 | 20250414150952.0 | ||
| 008 | 250414b |||||||| |||| 00| 0 spa d | ||
| 022 | _223461292 | ||
| 037 | _bDonación | ||
| 040 |
_aCO-JMCR _bspa _cCO-JMCR _dCO-JMCR _erda |
||
| 041 | 0 | _aspa | |
| 082 | 0 | 4 |
_a342.861 _bC71m _223 |
| 110 | 1 |
_aColombia. _bConsejo de Estado, _bSala de consulta y servicio civil, _eautor _944105 |
|
| 245 | 1 | 0 |
_aConsejo de Estado, Sala de Consulta y Servicio Civil : _bMemoria 2016 / _cColombia. |
| 260 |
_aBogotá: _bConsejo de estado, _c2016. |
||
| 300 | _c23cm. | ||
| 505 | _aMemoria 2016 tomo I -- Memoria 2016 tomo II -- Memoria 2016 tomo III | ||
| 942 |
_2ddc _cBK |
||
| 999 |
_c30963 _d17347 |
||